Hiểu thêm về chữ nhẫn chữ dung
Sách trình bày những hiểu biết và trải nghiệm của người quân tử, các bậc tiền bối, thiên nhiên và tìm hiểu về văn hóa Trung Hoa.
Đã lưu trong:
| 格式: | 图书 |
|---|---|
| 语言: | Undetermined |
| 出版: |
Hà Nội
Lao động - Xã hội
2010
|
| 主题: | |
| 标签: |
添加标签
没有标签, 成为第一个标记此记录!
|
| Thư viện lưu trữ: | Trung tâm Học liệu Trường Đại học Cần Thơ |
|---|
| LEADER | 00778nam a2200193Ia 4500 | ||
|---|---|---|---|
| 001 | CTU_175671 | ||
| 008 | 210402s9999 xx 000 0 und d | ||
| 020 | |c 37000 | ||
| 082 | |a 179.9 | ||
| 082 | |b H309 | ||
| 245 | 0 | |a Hiểu thêm về chữ nhẫn chữ dung | |
| 245 | 0 | |c Duy Chinh, Kim Cương (Biên soạn) | |
| 260 | |a Hà Nội | ||
| 260 | |b Lao động - Xã hội | ||
| 260 | |c 2010 | ||
| 520 | |a Sách trình bày những hiểu biết và trải nghiệm của người quân tử, các bậc tiền bối, thiên nhiên và tìm hiểu về văn hóa Trung Hoa. | ||
| 650 | |a Conduct of life,Đạo đức cuộc sống | ||
| 904 | |i Hải | ||
| 980 | |a Trung tâm Học liệu Trường Đại học Cần Thơ | ||